Dôvody zamietnutia finančnej pomoci zo strany bankových inštitúcií malým a stredným podnikateľom v SR

Posudzovanie platobnej schopnosti podnikateľských subjektov. Najčastejšie dôvody zamietnutia finančnej pomoci bankových inštitúcií v súčasnosti na Slovensku. Možnosti preverovania podnikateľských subjektov zo strany bankových inštitúcií. Ďalšie dôvody zamietnutia finančnej pomoci. Odvetvia podnikani...

Descripción completa

Guardado en:
Detalles Bibliográficos
Autor principal: Katonová, Miroslava, 1983-
Formato: Capítulo de libro
Lenguaje:eslovaco
Materias:
Etiquetas: Agregar Etiqueta
Sin Etiquetas, Sea el primero en etiquetar este registro!

MARC

LEADER 00000naa$a2200000$$$4500
001 0153019
005 20240502072727.3
041 0 |a slo 
044 |a SK 
245 1 0 |a Dôvody zamietnutia finančnej pomoci zo strany bankových inštitúcií malým a stredným podnikateľom v SR  |c Miroslava Katonová 
520 |a Posudzovanie platobnej schopnosti podnikateľských subjektov. Najčastejšie dôvody zamietnutia finančnej pomoci bankových inštitúcií v súčasnosti na Slovensku. Možnosti preverovania podnikateľských subjektov zo strany bankových inštitúcií. Ďalšie dôvody zamietnutia finančnej pomoci. Odvetvia podnikania, ktoré bankové inštitúcie považujú za rizikové. 
610 2 0 |a financie 
610 2 0 |a pomoc finančná 
610 2 0 |a banky 
610 2 0 |a solventnosť 
610 2 0 |a podnikatelia 
610 2 0 |a podnikanie 
610 2 0 |a podnik malý 
610 2 0 |a podnik stredný 
610 2 0 |a riziko 
100 1 |a Katonová, Miroslava, 1983-